| 000 | 00495nam a22001457a 4500 | ||
|---|---|---|---|
| 005 | 20180809144243.0 | ||
| 020 |
_a8185032025 _c1100.00 |
||
| 035 | _aB-222318, B-222317, B-222322 | ||
| 037 |
_aDPL _bENG |
||
| 100 | _aGoswami, Asha | ||
| 245 |
_aIn the foot-steps of Krsna researches in Krsna Lore : _b[Based on the Mahabharata and the Puranas] / _cby Asha Goswami |
||
| 260 |
_aDelhi _bY. R. Publications _c2005 |
||
| 300 |
_axxii, 460p. _c22 cms. |
||
| 942 |
_2ddc _cEN _h230.1 _mGOS |
||
| 999 |
_c64538 _d64538 |
||